000 01358nam a2200385 i 4500
003 EG-GICUC
005 20260121101526.0
008 251220s2000 fr ||||fr|||| 001 0 fre d
020 _a2802713884
040 _aEG-GiCUC
_bfre
_cEG-GiCUC
_dEG-GiCUC
_eRda
041 _afre
082 0 4 _221
_a341.48
_bFE . D
092 0 4 _221
099 _aLaw1 11 341.48 FE . D 2 ed - 2000
100 1 _aFenet, Alain
_eAuteur
245 1 3 _aLe droit et les minorités /
_cpar Alain Fenet, directeur, et Geneviève Koubi, Isabelle Schulte-Tenckhoff.
246 1 _iSubtitle on cover:
_aAnalyses et textes.
250 _aDeuxième édition
264 1 _aBruxelles :
_bBruylant,
_c2000.
300 _a661 pages ;
_c24 cm.
336 _2rda contenu
_a texte
337 _2rda medias
_aOrdinateur
338 _2 transporteur rda
_a Ressource en ligne
490 0 _aOrganisation internationale et relations internationales ;
_v32.
504 _aIncludes bibliographical references (pages 641-646) and index.
546 _aTexte en français
650 1 4 _aDroits de l’homme
_xDroit international
_2qrmak
650 1 4 _aminorités
_2qrmak
651 1 _2qrmak
700 1 _aKoubi, Geneviève
_eAuteur
700 1 _aSchulte-Tenckhoff, Isabelle
_eAuteur
856 4 0 _uhttps://fll.law.cu.edu.eg/fulltext/bks/B11-06023.pdf
905 _a75
942 _2ddc
_n0
_cBK
_e21
999 _c51818
_d51818